[Event "GBR-ch105 Major Open"]
[Site "Hull"]
[Date "2018.07.30"]
[Round "3"]
[White "Jaufarally, Nadia"]
[Black "Camp, Imogen AL"]
[Result "0-1"]
[WhiteElo "1988"]
[BlackElo "1874"]
[PlyCount "118"]
[EventDate "2018.07.28"]
[EventType "swiss"]
[EventRounds "9"]
[EventCountry "GBR"]
[SourceTitle "CBM 185 Extra"]
[Source "ChessBase"]
[SourceDate "2018.06.29"]
[SourceVersion "1"]
[SourceVersionDate "2018.06.29"]
[SourceQuality "1"]

1. e4 e5 2. Nf3 Nc6 3. Bc4 Bc5 4. c3 Nf6 5. d3 h6 6. O-O d6 7. h3 O-O 8. Bb3 a6
9. Re1 Ba7 10. Nbd2 Re8 11. Nf1 Be6 12. Ng3 d5 13. exd5 Bxd5 14. Bc2 Qd7 15.
Nh4 Be6 16. Qf3 Nd5 17. Nh5 Kh8 18. c4 Ndb4 19. Bxh6 Qd4 20. Bxg7+ Kg8 21. Re2
Qxh4 22. Bf6 Nd4 23. Bxh4 Nxf3+ 24. gxf3 Bxh3 25. Nf6+ Kg7 26. Nxe8+ Rxe8 27.
Kh2 Bf5 28. Rg1+ Kh7 29. Rg5 Bg6 30. Bb1 Nc6 31. Rg3 Nd4 32. Rd2 Bh5 33. Kg2 f5
34. Bf6 f4 35. Rh3 Kg6 36. Bh4 Kf5 37. Kh1 Bxf3+ 38. Kh2 Bg4 39. f3 Nxf3+ 40.
Rxf3 Bxf3 41. d4+ Kg4 42. Bf6 e4 43. Rf2 Re6 44. Bg7 Re7 45. Rf1 Kh5 46. Rg1
Bg4 47. Bf6 Re6 48. Bg7 c6 49. Re1 e3 50. Be5 Kg5 51. Rf1 f3 52. Kg3 Rxe5 53.
dxe5 e2 54. Rh1 f2 55. Rh8 f1=N+ 56. Kg2 e1=Q 57. Rg8+ Kf4 58. Rf8+ Ke3 59.
Rxf1 Bh3+ 0-1

[Event "GBR-ch105 Major Open"]
[Site "Hull"]
[Date "2018.07.30"]
[Round "3"]
[White "Jones, Steven"]
[Black "Modi, Kishan Jagdish"]
[Result "1/2-1/2"]
[WhiteElo "2203"]
[BlackElo "1938"]
[PlyCount "42"]
[EventDate "2018.07.28"]
[EventType "swiss"]
[EventRounds "9"]
[EventCountry "GBR"]
[SourceTitle "CBM 185 Extra"]
[Source "ChessBase"]
[SourceDate "2018.06.29"]
[SourceVersion "1"]
[SourceVersionDate "2018.06.29"]
[SourceQuality "1"]

1. e4 c5 2. Nf3 d6 3. d4 cxd4 4. Nxd4 Nf6 5. Nc3 g6 6. Be3 Bg7 7. Be2 O-O 8.
Qd2 Nc6 9. O-O-O d5 10. exd5 Nxd5 11. Nxc6 bxc6 12. Nxd5 cxd5 13. Qxd5 Qc7 14.
Qxa8 Bf5 15. Qxf8+ Kxf8 16. Rd2 Qb8 17. b3 Bc3 18. Rhd1 Bxd2+ 19. Rxd2 Qxh2 20.
g3 Qh1+ 21. Kb2 a5 1/2-1/2

[Event "GBR-ch105 Major Open"]
[Site "Hull"]
[Date "2018.07.30"]
[Round "3"]
[White "Karia, Rishul"]
[Black "Verma, Shlok"]
[Result "1-0"]
[WhiteElo "1836"]
[BlackElo "1623"]
[PlyCount "63"]
[EventDate "2018.07.28"]
[EventType "swiss"]
[EventRounds "9"]
[EventCountry "GBR"]
[SourceTitle "CBM 185 Extra"]
[Source "ChessBase"]
[SourceDate "2018.06.29"]
[SourceVersion "1"]
[SourceVersionDate "2018.06.29"]
[SourceQuality "1"]

1. e4 e6 2. d4 d5 3. exd5 exd5 4. Bd3 Bd6 5. Qf3 Nf6 6. h3 O-O 7. Nc3 Be6 8.
Bg5 Nbd7 9. O-O-O a6 10. Nge2 h6 11. Bh4 Be7 12. g4 c5 13. g5 hxg5 14. Bxg5 c4
15. Bf5 Bxf5 16. Qxf5 g6 17. Qf3 b5 18. Bh6 Re8 19. Rdg1 Kh7 20. Be3 Rh8 21. h4
Kg7 22. h5 Qe8 23. hxg6 fxg6 24. Nf4 Rxh1 25. Qxh1 Nf8 26. Ncxd5 Nxd5 27. Nxd5
Qd8 28. Nxe7 Ra7 29. Nf5+ Kf7 30. Nh6+ Kg7 31. d5 Qf6 32. Bd4 1-0

[Event "GBR-ch105 Major Open"]
[Site "Hull"]
[Date "2018.07.30"]
[Round "3"]
[White "McCarthy, Damian"]
[Black "Lovell, William PM"]
[Result "1-0"]
[WhiteElo "1867"]
[BlackElo "1754"]
[PlyCount "89"]
[EventDate "2018.07.28"]
[EventType "swiss"]
[EventRounds "9"]
[EventCountry "GBR"]
[SourceTitle "CBM 185 Extra"]
[Source "ChessBase"]
[SourceDate "2018.06.29"]
[SourceVersion "1"]
[SourceVersionDate "2018.06.29"]
[SourceQuality "1"]

1. e4 c6 2. d4 d5 3. Nc3 dxe4 4. Nxe4 Bf5 5. Ng3 Bg6 6. Nf3 Nd7 7. h4 h6 8. h5
Bh7 9. Bd3 Bxd3 10. Qxd3 e6 11. Bd2 Ngf6 12. O-O-O Be7 13. Kb1 O-O 14. Ne4 Nxe4
15. Qxe4 Nf6 16. Qe2 Qd5 17. g4 Qe4 18. Qxe4 Nxe4 19. Be3 Rfd8 20. Nd2 Nxd2+
21. Rxd2 Rd7 22. c3 Rad8 23. Kc2 c5 24. Rhd1 cxd4 25. Rxd4 Rxd4 26. Rxd4 Rxd4
27. Bxd4 a6 28. c4 g6 29. Kd3 gxh5 30. gxh5 f5 31. c5 Bd8 32. b4 Kf7 33. Be5
Ke8 34. Kc4 b5+ 35. cxb6 Bxb6 36. f3 Be3 37. b5 axb5+ 38. Kxb5 Kd7 39. a4 Bd2
40. a5 Bxa5 41. Kxa5 Kc6 42. Bf4 Kd5 43. Bxh6 e5 44. Bd2 Ke6 45. Kb5 1-0

[Event "GBR-ch105 Major Open"]
[Site "Hull"]
[Date "2018.07.30"]
[Round "3"]
[White "Metcalfe, Charles P"]
[Black "Dawson, Euan"]
[Result "1-0"]
[WhiteElo "1762"]
[BlackElo "1785"]
[PlyCount "63"]
[EventDate "2018.07.28"]
[EventType "swiss"]
[EventRounds "9"]
[EventCountry "GBR"]
[SourceTitle "CBM 185 Extra"]
[Source "ChessBase"]
[SourceDate "2018.06.29"]
[SourceVersion "1"]
[SourceVersionDate "2018.06.29"]
[SourceQuality "1"]

1. d4 d5 2. Nf3 Nf6 3. Bf4 c5 4. e3 Nc6 5. Nbd2 e6 6. c3 Be7 7. Bd3 O-O 8. h3
b6 9. O-O Bb7 10. Qe2 Nd7 11. e4 dxe4 12. Nxe4 cxd4 13. cxd4 Nf6 14. Rad1 Nb4
15. Nxf6+ Bxf6 16. Bb1 Nd5 17. Bh2 Qe7 18. Rfe1 Rfd8 19. Be5 Rd7 20. Qc2 g6 21.
Qa4 a6 22. Be4 b5 23. Qb3 Rc8 24. a4 b4 25. a5 Bg7 26. Rc1 Rdd8 27. Rxc8 Rxc8
28. Bxg7 Kxg7 29. Bxd5 Bxd5 30. Qxd5 Rd8 31. Qe5+ f6 32. Qe3 1-0

[Event "GBR-ch105 Major Open"]
[Site "Hull"]
[Date "2018.07.30"]
[Round "3"]
[White "Modi, Shyam Jagdish"]
[Black "Shaw, Peter"]
[Result "0-1"]
[WhiteElo "1973"]
[BlackElo "2093"]
[PlyCount "60"]
[EventDate "2018.07.28"]
[EventType "swiss"]
[EventRounds "9"]
[EventCountry "GBR"]
[SourceTitle "CBM 185 Extra"]
[Source "ChessBase"]
[SourceDate "2018.06.29"]
[SourceVersion "1"]
[SourceVersionDate "2018.06.29"]
[SourceQuality "1"]

1. d4 f5 2. g3 Nf6 3. Bg2 e6 4. c4 Be7 5. Nf3 O-O 6. O-O d6 7. Nc3 Ne4 8. Nxe4
fxe4 9. Nd2 d5 10. f3 Nc6 11. fxe4 Rxf1+ 12. Nxf1 dxc4 13. Be3 Bd7 14. e5 a6
15. Be4 b5 16. Qc2 h6 17. Rd1 Bg5 18. d5 Bxe3+ 19. Nxe3 Qg5 20. dxc6 Qxe3+ 21.
Kg2 Be8 22. Rf1 Bh5 23. Rf2 Bg4 24. Bh7+ Kh8 25. Qe4 Bh3+ 26. Kxh3 Qxf2 27. Bg6
Rd8 28. Bh5 Rd4 29. Qb1 Qf5+ 30. g4 Qxb1 0-1

[Event "GBR-ch105 Major Open"]
[Site "Hull"]
[Date "2018.07.30"]
[Round "3"]
[White "Nayak, Raghav"]
[Black "Hussain, Adam"]
[Result "1-0"]
[WhiteElo "1901"]
[BlackElo "1557"]
[PlyCount "131"]
[EventDate "2018.07.28"]
[EventType "swiss"]
[EventRounds "9"]
[EventCountry "GBR"]
[SourceTitle "CBM 185 Extra"]
[Source "ChessBase"]
[SourceDate "2018.06.29"]
[SourceVersion "1"]
[SourceVersionDate "2018.06.29"]
[SourceQuality "1"]

1. e4 e6 2. d4 b6 3. Bd3 Bb7 4. Nf3 c5 5. c3 Nf6 6. Qe2 d5 7. e5 Ne4 8. Nbd2
Nxd2 9. Bxd2 Nc6 10. O-O Be7 11. Rae1 h6 12. Be3 c4 13. Bb1 Qd7 14. Nd2 O-O-O
15. f4 g6 16. b3 Na5 17. bxc4 Ba6 18. Bd3 dxc4 19. Nxc4 Nxc4 20. Bxc4 Bb7 21.
Ba6 Kb8 22. Bxb7 Qxb7 23. Bd2 Qd7 24. Rc1 Rh7 25. Rfd1 g5 26. Qe4 Rg7 27. Rc2
Rdg8 28. fxg5 Bxg5 29. Bxg5 Rxg5 30. Rf1 h5 31. Qf3 Rf5 32. Qe2 Rfg5 33. Qe4
R8g7 34. Rcf2 Qc7 35. Rc1 Qc4 36. Qe2 Qd5 37. Rb1 h4 38. Rb5 Qc6 39. c4 h3 40.
g3 a6 41. Rb3 Ka7 42. Rbf3 Qd7 43. Qe3 Qc7 44. Qb3 Qd7 45. Rd3 Qc7 46. Qb4 Qc6
47. Qe7+ Ka8 48. Qf8+ Kb7 49. Rxf7+ Rxf7 50. Qxf7+ Kc8 51. Qf8+ Kb7 52. Qf3 Rf5
53. Qxc6+ Kxc6 54. d5+ Kc7 55. d6+ Kd7 56. Re3 Kc6 57. Re4 Kd7 58. g4 Rf3 59.
g5 Rf5 60. Rg4 Rxe5 61. g6 Re1+ 62. Kf2 Rh1 63. Kg3 Rc1 64. g7 Rc2 65. g8=Q
Rc3+ 66. Kh4 1-0

[Event "GBR-ch105 Major Open"]
[Site "Hull"]
[Date "2018.07.30"]
[Round "3"]
[White "Nelson, Omowale"]
[Black "Ruane, Brendan J"]
[Result "0-1"]
[WhiteElo "1966"]
[BlackElo "1868"]
[PlyCount "70"]
[EventDate "2018.07.28"]
[EventType "swiss"]
[EventRounds "9"]
[EventCountry "GBR"]
[SourceTitle "CBM 185 Extra"]
[Source "ChessBase"]
[SourceDate "2018.06.29"]
[SourceVersion "1"]
[SourceVersionDate "2018.06.29"]
[SourceQuality "1"]

1. d4 d5 2. c4 e6 3. g3 a6 4. Nf3 dxc4 5. Bg2 b5 6. Ne5 c6 7. Nxc6 Qb6 8. Nxb8
Rxb8 9. O-O Bb7 10. e4 Nf6 11. Nc3 Rd8 12. Be3 Qc7 13. Qc2 Be7 14. Rfd1 O-O 15.
a3 Ng4 16. Bc1 e5 17. Nd5 Bxd5 18. exd5 exd4 19. Rxd4 f5 20. Bf4 Qb6 21. Rd2 g5
22. Re1 Bf6 23. Re6 Qa7 24. Bd6 f4 25. gxf4 Rf7 26. Qe4 Rxd6 27. Rxd6 Nxf2 28.
Qe8+ Kg7 29. Kf1 Re7 30. Re6 Rxe8 31. Rxe8 Nd3 32. fxg5 Bxg5 33. Rde2 Qf7+ 34.
Kg1 Qf4 35. R8e4 Qc1+ 0-1

[Event "GBR-ch105 Major Open"]
[Site "Hull"]
[Date "2018.07.30"]
[Round "3"]
[White "Rocco, Federico"]
[Black "Rice, Christopher B"]
[Result "1-0"]
[WhiteElo "2140"]
[BlackElo "1972"]
[PlyCount "49"]
[EventDate "2018.07.28"]
[EventType "swiss"]
[EventRounds "9"]
[EventCountry "GBR"]
[SourceTitle "CBM 185 Extra"]
[Source "ChessBase"]
[SourceDate "2018.06.29"]
[SourceVersion "1"]
[SourceVersionDate "2018.06.29"]
[SourceQuality "1"]

1. e4 d5 2. exd5 Qxd5 3. Nc3 Qd6 4. d4 Nf6 5. Nf3 c6 6. Bc4 Bg4 7. Be3 Nbd7 8.
h3 Bh5 9. Qe2 e6 10. O-O-O Nb6 11. Bb3 O-O-O 12. g4 Bg6 13. Ne5 Nfd5 14. Nxd5
exd5 15. c3 Qc7 16. h4 Be4 17. f3 f6 18. fxe4 fxe5 19. exd5 Nxd5 20. dxe5 Qxe5
21. Bxd5 Rxd5 22. Rxd5 Qxd5 23. Rd1 Qe6 24. Bb6 Qe7 25. Qe6+ 1-0

[Event "GBR-ch105 Major Open"]
[Site "Hull"]
[Date "2018.07.30"]
[Round "3"]
[White "Royal, Shreyas"]
[Black "Ogunshola, Ben"]
[Result "0-1"]
[WhiteElo "1927"]
[BlackElo "2143"]
[PlyCount "60"]
[EventDate "2018.07.28"]
[EventType "swiss"]
[EventRounds "9"]
[EventCountry "GBR"]
[SourceTitle "CBM 185 Extra"]
[Source "ChessBase"]
[SourceDate "2018.06.29"]
[SourceVersion "1"]
[SourceVersionDate "2018.06.29"]
[SourceQuality "1"]

1. d4 g6 2. c4 Bg7 3. e4 d6 4. Nc3 Nc6 5. Nge2 e5 6. d5 Nce7 7. Ng3 f5 8. exf5
Nxf5 9. Nxf5 Bxf5 10. Bd3 Nf6 11. Bg5 Qd7 12. Qd2 O-O 13. O-O-O Bxd3 14. Bxf6
Rxf6 15. Qxd3 Rxf2 16. Rdg1 Raf8 17. g4 R8f3 18. Qd1 Qf7 19. Kb1 Qf4 20. Qa4
Qd2 21. Qb3 Qd3+ 22. Ka1 e4 23. Rc1 e3 24. Rhd1 Rd2 25. Re1 e2 26. Qb5 Bxc3 27.
Qe8+ Kg7 28. bxc3 Qxc4 29. Qe7+ Rf7 30. Qe3 Qxa2# 0-1

[Event "GBR-ch105 Major Open"]
[Site "Hull"]
[Date "2018.07.30"]
[Round "3"]
[White "Sheppard, Derek Alan"]
[Black "Rushbrooke, Remy"]
[Result "0-1"]
[WhiteElo "1747"]
[BlackElo "1889"]
[PlyCount "96"]
[EventDate "2018.07.28"]
[EventType "swiss"]
[EventRounds "9"]
[EventCountry "GBR"]
[SourceTitle "CBM 185 Extra"]
[Source "ChessBase"]
[SourceDate "2018.06.29"]
[SourceVersion "1"]
[SourceVersionDate "2018.06.29"]
[SourceQuality "1"]

1. d4 Nf6 2. Bf4 e6 3. e3 c5 4. c3 b6 5. Nd2 cxd4 6. cxd4 Bb7 7. Ngf3 Be7 8. h3
O-O 9. Be2 d6 10. O-O a6 11. Bh2 Re8 12. Rc1 Bf8 13. Qc2 Nc6 14. Qb1 b5 15.
Rfd1 g6 16. Ne1 Nd7 17. Bf3 d5 18. Nd3 Kg7 19. Nb3 a5 20. Nbc5 Nxc5 21. Nxc5
Qe7 22. Nxb7 Qxb7 23. Be2 a4 24. Qd3 Ra5 25. a3 Rd8 26. Qc2 Ra6 27. Qd3 Rb6 28.
Qc2 Bd6 29. Bxd6 Rxd6 30. Qc5 Na5 31. Qc8 Nc4 32. Qxb7 Rxb7 33. Rc2 Rc6 34. Bd3
b4 35. axb4 Rxb4 36. Rdc1 Ra6 37. Bxc4 dxc4 38. Rxc4 Rxb2 39. Ra1 a3 40. Kh2 a2
41. Rcc1 Rab6 42. Rc3 Rxf2 43. Ra3 Rbb2 44. Rg1 Rb1 45. e4 Rxg1 46. Kxg1 Rd2
47. Kh2 Kf6 48. Kg3 Rd3+ 0-1

[Event "GBR-ch105 Major Open"]
[Site "Hull"]
[Date "2018.07.30"]
[Round "3"]
[White "Sivarajasingam, Shayanna"]
[Black "Salmons, Calum"]
[Result "0-1"]
[WhiteElo "1780"]
[BlackElo "1923"]
[PlyCount "116"]
[EventDate "2018.07.28"]
[EventType "swiss"]
[EventRounds "9"]
[EventCountry "GBR"]
[SourceTitle "CBM 185 Extra"]
[Source "ChessBase"]
[SourceDate "2018.06.29"]
[SourceVersion "1"]
[SourceVersionDate "2018.06.29"]
[SourceQuality "1"]

1. e4 c5 2. Nf3 d6 3. Bb5+ Nd7 4. d4 cxd4 5. Qxd4 a6 6. Bxd7+ Bxd7 7. c4 Nf6 8.
Nc3 g6 9. O-O Bg7 10. Bg5 O-O 11. Rac1 b5 12. cxb5 axb5 13. a3 Bc6 14. Qd3 Qb6
15. Rfe1 h6 16. Be3 Qb7 17. Nd2 Ng4 18. Bd4 e5 19. Be3 Nxe3 20. Qxe3 d5 21.
exd5 Bxd5 22. Nxd5 Qxd5 23. Rc5 Qb7 24. Qb3 Rab8 25. Rec1 b4 26. Rc7 Qb5 27. a4
Qe2 28. Nf1 e4 29. R1c2 Qd3 30. Nd2 Qxb3 31. Nxb3 Rfd8 32. g3 Rd1+ 33. Kg2 Rb1
34. R7c4 f5 35. Na5 b3 36. Rc8+ Rxc8 37. Rxc8+ Kh7 38. Rb8 Rxb2 39. Rxb3 Ra2
40. Nc4 Rxa4 41. Ne3 Ra7 42. h4 Bd4 43. h5 Bxe3 44. hxg6+ Kxg6 45. Rxe3 Ra2 46.
Re1 Kg5 47. Re3 h5 48. Re1 h4 49. gxh4+ Kxh4 50. Re3 Rd2 51. Re1 Kg4 52. Re3
Kf4 53. Kf1 Rd3 54. Re2 Kf3 55. Re1 f4 56. Ra1 Rd2 57. Ra3+ e3 58. fxe3 Rd1#
0-1

[Event "GBR-ch105 Major Open"]
[Site "Hull"]
[Date "2018.07.30"]
[Round "3"]
[White "Sivarajasingam, Venetia"]
[Black "Cocks, Elliot"]
[Result "0-1"]
[WhiteElo "1843"]
[BlackElo "1985"]
[PlyCount "68"]
[EventDate "2018.07.28"]
[EventType "swiss"]
[EventRounds "9"]
[EventCountry "GBR"]
[SourceTitle "CBM 185 Extra"]
[Source "ChessBase"]
[SourceDate "2018.06.29"]
[SourceVersion "1"]
[SourceVersionDate "2018.06.29"]
[SourceQuality "1"]

1. e4 c5 2. Nf3 e6 3. c4 Nc6 4. Nc3 g5 5. h3 Bg7 6. d3 h6 7. Be3 Nd4 8. Bxd4
cxd4 9. Nb5 Qb6 10. e5 Ne7 11. Nd6+ Kf8 12. g4 Ng6 13. Qe2 Nxe5 14. Nxe5 Qxd6
15. Nf3 b6 16. Bg2 Bb7 17. O-O-O b5 18. cxb5 Bd5 19. Kb1 a6 20. b6 Rb8 21. Ne1
Bxg2 22. Nxg2 Qxb6 23. f4 Ke7 24. Rc1 a5 25. h4 a4 26. a3 Qd6 27. Ka1 Rb3 28.
fxg5 Rhb8 29. Rc2 Rxa3+ 30. bxa3 Qxa3+ 31. Ra2 Qc3+ 32. Rb2 a3 33. Qc2 axb2+
34. Kb1 Qa3 0-1

[Event "GBR-ch105 Major Open"]
[Site "Hull"]
[Date "2018.07.30"]
[Round "3"]
[White "Smith, Andrew Philip"]
[Black "Willow, Jonah B"]
[Result "1-0"]
[WhiteElo "2102"]
[BlackElo "2265"]
[PlyCount "71"]
[EventDate "2018.07.28"]
[EventType "swiss"]
[EventRounds "9"]
[EventCountry "GBR"]
[SourceTitle "CBM 185 Extra"]
[Source "ChessBase"]
[SourceDate "2018.06.29"]
[SourceVersion "1"]
[SourceVersionDate "2018.06.29"]
[SourceQuality "1"]

1. e4 c5 2. Nf3 e6 3. d4 cxd4 4. Nxd4 Nc6 5. Nc3 Qc7 6. Be3 Nf6 7. Qf3 a6 8.
O-O-O Rb8 9. Be2 Bb4 10. Bg5 Ne5 11. Qe3 Bxc3 12. bxc3 b5 13. f3 Qa5 14. Bf4 d6
15. Bxe5 Qa3+ 16. Kb1 b4 17. Bb5+ axb5 18. Bxd6 Ra8 19. Bxb4 Qxa2+ 20. Kc1 Qa1+
21. Kd2 Qa7 22. Ra1 Ba6 23. Nxb5 Qxe3+ 24. Kxe3 Kd7 25. Rhd1+ Kc6 26. Nd4+ Kc7
27. Ba5+ Kc8 28. Nc6 Kb7 29. Ne5 Rhf8 30. Bb4 Rfd8 31. Nxf7 Rxd1 32. Rxd1 Kc7
33. Ba5+ Kb7 34. Nd8+ Kb8 35. Nxe6 Bc8 36. Rb1+ 1-0

[Event "GBR-ch105 Major Open"]
[Site "Hull"]
[Date "2018.07.30"]
[Round "3"]
[White "Stoyanov, Viktor"]
[Black "Jayawarna, Nugith"]
[Result "1/2-1/2"]
[WhiteElo "2177"]
[BlackElo "2013"]
[PlyCount "130"]
[EventDate "2018.07.28"]
[EventType "swiss"]
[EventRounds "9"]
[EventCountry "GBR"]
[SourceTitle "CBM 185 Extra"]
[Source "ChessBase"]
[SourceDate "2018.06.29"]
[SourceVersion "1"]
[SourceVersionDate "2018.06.29"]
[SourceQuality "1"]

1. d4 Nf6 2. Nf3 g6 3. c4 Bg7 4. Nc3 d6 5. e4 O-O 6. Be2 e5 7. O-O Nc6 8. d5
Ne7 9. b4 Nh5 10. g3 f5 11. Ng5 Nf6 12. Bf3 f4 13. c5 h6 14. Ne6 Bxe6 15. dxe6
a6 16. cxd6 cxd6 17. b5 Qc7 18. Bb2 g5 19. Rc1 Qb6 20. Ba3 fxg3 21. hxg3 Rad8
22. bxa6 Qxa6 23. Qb3 g4 24. Be2 Qa7 25. Nb5 Qb6 26. Nxd6 Rxd6 27. Qxb6 Rxb6
28. Bxe7 Re8 29. Bxf6 Bxf6 30. Rb1 Bd8 31. Bxg4 Re7 32. Rfd1 Bc7 33. Kg2 Kg7
34. Bf5 Rxb1 35. Rxb1 Ba5 36. Rb3 Kf6 37. Kf3 Rc7 38. Kg4 Rg7+ 39. Kh5 Bd2 40.
Rb6 Re7 41. Rd6 Be1 42. Kxh6 Bxf2 43. Rd3 Rg7 44. g4 Bc5 45. g5+ Rxg5 46. Rd7
Bf8+ 47. Kh7 Rh5+ 48. Kg8 Be7 49. Rxb7 Rg5+ 50. Kh8 Rh5+ 51. Bh7 Kxe6 52. Kg7
Rg5+ 53. Kh6 Rg2 54. Bf5+ Kf7 55. Rb3 Rxa2 56. Rf3 Ra3 57. Bg6+ Ke6 58. Bf7+
Kd7 59. Bb3 Ra1 60. Kg6 Rg1+ 61. Kf7 Bc5 62. Be6+ Kd6 63. Rf6 Bd4 64. Bd5+ Kc5
65. Rc6+ Kb5 1/2-1/2

[Event "GBR-ch105 Major Open"]
[Site "Hull"]
[Date "2018.07.30"]
[Round "3"]
[White "Taylor, Adam A"]
[Black "Evans, Nicholas Thomas"]
[Result "1/2-1/2"]
[WhiteElo "2146"]
[BlackElo "1885"]
[PlyCount "54"]
[EventDate "2018.07.28"]
[EventType "swiss"]
[EventRounds "9"]
[EventCountry "GBR"]
[SourceTitle "CBM 185 Extra"]
[Source "ChessBase"]
[SourceDate "2018.06.29"]
[SourceVersion "1"]
[SourceVersionDate "2018.06.29"]
[SourceQuality "1"]

1. Nf3 d5 2. c4 e6 3. g3 Nf6 4. Bg2 dxc4 5. Qa4+ c6 6. Qxc4 b5 7. Qc2 Bb7 8.
O-O Nbd7 9. d4 Rc8 10. a4 a6 11. Rd1 c5 12. axb5 axb5 13. Qb3 b4 14. Nbd2 Bd5
15. Qd3 c4 16. Qc2 Qb6 17. e4 b3 18. Qb1 Bb7 19. e5 Nd5 20. Ne4 Nb4 21. Ne1 Nb8
22. Be3 Nd5 23. Bd2 Na6 24. Ba5 Qb5 25. Nc3 Qd7 26. Nxd5 Bxd5 27. Bxd5 exd5
1/2-1/2

[Event "GBR-ch105 Major Open"]
[Site "Hull"]
[Date "2018.07.30"]
[Round "3"]
[White "Teh, Eu Wen Aron"]
[Black "Starley, Robert"]
[Result "1/2-1/2"]
[WhiteElo "2286"]
[BlackElo "2107"]
[PlyCount "68"]
[EventDate "2018.07.28"]
[EventType "swiss"]
[EventRounds "9"]
[EventCountry "GBR"]
[SourceTitle "CBM 185 Extra"]
[Source "ChessBase"]
[SourceDate "2018.06.29"]
[SourceVersion "1"]
[SourceVersionDate "2018.06.29"]
[SourceQuality "1"]

1. d4 Nf6 2. c4 e6 3. Nf3 Bb4+ 4. Bd2 Qe7 5. g3 O-O 6. Bg2 d5 7. Qb3 a5 8. O-O
Bxd2 9. Nbxd2 a4 10. Qc2 b6 11. cxd5 exd5 12. e3 c5 13. dxc5 bxc5 14. Rac1 Nbd7
15. Rfd1 Bb7 16. Ne1 Rfc8 17. Nd3 h6 18. Nb1 Ne4 19. Nc3 Nxc3 20. Qxc3 d4 21.
exd4 Bxg2 22. Kxg2 Qe4+ 23. Kg1 cxd4 24. Qxc8+ Rxc8 25. Rxc8+ Kh7 26. Rc7 Nf6
27. Rcc1 Qe2 28. Rb1 Ne4 29. Rbc1 Ng5 30. h4 Nf3+ 31. Kg2 Qe4 32. Kf1 Nh2+ 33.
Kg1 Nf3+ 34. Kf1 Nh2+ 1/2-1/2

[Event "GBR-ch105 Major Open"]
[Site "Hull"]
[Date "2018.07.30"]
[Round "3"]
[White "Thatte, Nishchal"]
[Black "Brown, Tom"]
[Result "0-1"]
[WhiteElo "1748"]
[BlackElo "1781"]
[PlyCount "140"]
[EventDate "2018.07.28"]
[EventType "swiss"]
[EventRounds "9"]
[EventCountry "GBR"]
[SourceTitle "CBM 185 Extra"]
[Source "ChessBase"]
[SourceDate "2018.06.29"]
[SourceVersion "1"]
[SourceVersionDate "2018.06.29"]
[SourceQuality "1"]

1. e4 c6 2. d4 d5 3. Nd2 dxe4 4. Nxe4 Nd7 5. Nf3 Ngf6 6. Ng3 e6 7. Bd3 Bd6 8.
O-O Qc7 9. b3 b6 10. Bb2 Bb7 11. c4 O-O 12. Qc2 c5 13. Qe2 Rad8 14. Rad1 Rfe8
15. Rfe1 a6 16. Ne5 cxd4 17. Bxd4 Nxe5 18. Bxe5 Bxe5 19. Qxe5 Qxe5 20. Rxe5 Rd7
21. Ree1 Red8 22. Bc2 Kf8 23. Rxd7 Rxd7 24. Rd1 Rxd1+ 25. Bxd1 Ke7 26. f3 Kd6
27. b4 a5 28. a3 Nd7 29. Kf2 Ne5 30. Be2 axb4 31. axb4 Nc6 32. Ne4+ Ke5 33. b5
Na5 34. Ke3 Bxe4 35. fxe4 Kd6 36. Kd4 e5+ 37. Kc3 Kc5 38. g4 Nb7 39. g5 Nd6 40.
Bd3 f6 41. gxf6 gxf6 42. h3 Nf7 43. Bc2 Ng5 44. h4 Nf3 45. h5 Ng5 46. Kd3 Nh3
47. Kc3 Ng5 48. Kd3 Nf7 49. Bd1 Nd6 50. Bb3 Kb4 51. Ba2 h6 52. Bb1 Nxc4 53. Ba2
Nd6 54. Bd5 Kxb5 55. Kc3 Kc5 56. Ba8 b5 57. Bd5 f5 58. Kd3 b4 59. Bb3 Nxe4 60.
Ke3 Nc3 61. Be6 f4+ 62. Kf3 Kd4 63. Bb3 Nd5 64. Bc2 Nf6 65. Bg6 b3 66. Bf7 b2
67. Ba2 Nxh5 68. Bb1 Nf6 69. Bc2 Nd5 70. Bh7 Nc3 0-1

[Event "GBR-ch105 Major Open"]
[Site "Hull"]
[Date "2018.07.30"]
[Round "3"]
[White "Turner, Tim M"]
[Black "Anilkumar, Anantha P"]
[Result "1/2-1/2"]
[WhiteElo "1805"]
[BlackElo "1903"]
[PlyCount "61"]
[EventDate "2018.07.28"]
[EventType "swiss"]
[EventRounds "9"]
[EventCountry "GBR"]
[SourceTitle "CBM 185 Extra"]
[Source "ChessBase"]
[SourceDate "2018.06.29"]
[SourceVersion "1"]
[SourceVersionDate "2018.06.29"]
[SourceQuality "1"]

1. c4 Nf6 2. Nc3 d5 3. cxd5 Nxd5 4. g3 g6 5. Bg2 Nxc3 6. bxc3 Bg7 7. Rb1 Nd7 8.
Nf3 O-O 9. O-O c6 10. c4 Ne5 11. Nxe5 Bxe5 12. d3 Qc7 13. Qb3 Rb8 14. Be3 c5
15. Qb5 b6 16. Qc6 Bd7 17. Qxc7 Bxc7 18. Rb3 Rfc8 19. Ra3 a5 20. Rb3 a4 21.
Rbb1 Bd6 22. Rfc1 b5 23. cxb5 Bxb5 24. Bh3 f5 25. Bg2 e6 26. Bf4 e5 27. Bd5+
Kf8 28. Be3 f4 29. Bd2 Ke7 30. gxf4 exf4 31. d4 1/2-1/2

[Event "GBR-ch105 Major Open"]
[Site "Hull"]
[Date "2018.07.30"]
[Round "3"]
[White "Villiers, Thomas"]
[Black "Guha, Chirag"]
[Result "1-0"]
[WhiteElo "2173"]
[BlackElo "1912"]
[PlyCount "59"]
[EventDate "2018.07.28"]
[EventType "swiss"]
[EventRounds "9"]
[EventCountry "GBR"]
[SourceTitle "CBM 185 Extra"]
[Source "ChessBase"]
[SourceDate "2018.06.29"]
[SourceVersion "1"]
[SourceVersionDate "2018.06.29"]
[SourceQuality "1"]

1. e4 e5 2. Nc3 Nf6 3. g3 Nc6 4. Bg2 Bc5 5. d3 d6 6. Nge2 h6 7. h3 Be6 8. O-O
g5 9. Na4 Bb6 10. Nxb6 axb6 11. d4 exd4 12. Nxd4 Nxd4 13. Qxd4 Qe7 14. b3 O-O-O
15. Bb2 Nd7 16. Qe3 Rhg8 17. a4 f6 18. a5 bxa5 19. Rxa5 Nb6 20. Bd4 c5 21. Qc3
Rgf8 22. b4 Nd7 23. bxc5 dxc5 24. Ra8+ Nb8 25. Bxc5 Qc7 26. Qb4 Rg8 27. Ba7 Kd7
28. Rd1+ Ke8 29. Rxd8+ Kxd8 30. Bb6 1-0

[Event "GBR-ch105 Major Open"]
[Site "Hull"]
[Date "2018.07.30"]
[Round "3"]
[White "Vleeshhouwer, Douglas"]
[Black "Somton, Anita"]
[Result "1/2-1/2"]
[WhiteElo "1946"]
[BlackElo "1843"]
[PlyCount "86"]
[EventDate "2018.07.28"]
[EventType "swiss"]
[EventRounds "9"]
[EventCountry "GBR"]
[SourceTitle "CBM 185 Extra"]
[Source "ChessBase"]
[SourceDate "2018.06.29"]
[SourceVersion "1"]
[SourceVersionDate "2018.06.29"]
[SourceQuality "1"]

1. e4 c6 2. d4 d5 3. exd5 cxd5 4. c4 Nf6 5. Nc3 Nc6 6. Nf3 Bg4 7. cxd5 Nxd5 8.
Qb3 Bxf3 9. gxf3 e6 10. Qxb7 Nxd4 11. Bb5+ Nxb5 12. Qc6+ Ke7 13. Qxb5 Qd7 14.
Nxd5+ Qxd5 15. Bg5+ f6 16. Qxd5 exd5 17. Be3 Kf7 18. O-O-O Bd6 19. Rxd5 Ke6 20.
Rd3 Rhc8+ 21. Kb1 Rc4 22. Re1 Bb4 23. Bd2+ Kf5 24. Rd5+ Kg6 25. Rg1+ Kf7 26.
Bxb4 Rxb4 27. Rd7+ Ke6 28. Rgxg7 Rab8 29. b3 Rf4 30. Rxa7 Rxf3 31. Rxh7 Rxf2
32. Rac7 Rd8 33. Rc6+ Kf5 34. Rc2 Rdd2 35. Rxd2 Rxd2 36. a4 Ke4 37. a5 Rd6 38.
b4 f5 39. b5 Rd5 40. a6 Rxb5+ 41. Kc2 Ra5 42. a7 f4 43. Kd2 Ra2+ 1/2-1/2